00222nam a2200085Ia 450000500170000000800410001724500510005826000100010999900170011920250523154322.0250523s9999 xx 000 0 und d 0aGanga Gökkuş Diz cGülten Dayıoğlu bALTIN c12031d12031